MDQL
is popping MORE tags! Check the
thread
!
Quizzes
Events
Quiz Creation
Community
Videos
Private Events
Remove Ads
Sign In
Join for FREE
Feedback
Dark Mode
Quiz Categories
Sports
Geography
Music
Movies
Television
Just For Fun
Miscellaneous
History
Literature
Language
Science
Gaming
Entertainment
Religion
Holiday
For Kids
Quiz Lab
Recent
Popular Today
Quiz Kudos Today
Editor Picks
Curator Picks
Quizzes by...
Day
Popularity
Type
Ratings
Length
Year
Community
Subscriptions
Recent Discussions
Orange Saloon
Badges
Playlists
Quests
Create
Leaderboards
Showdown
Live 5
Trivia Bingo
Activity
Puzzle Library
Sporcle Events
Private Events
Virtual Trivia
Globe League
Become a Host
Pub Owners
SporcleCon
Opinionation
Our Games
Videos
Blog
Mobile Apps
Partnerships
Remove Ads and Go Orange
Feedback
Sports
Athletes
MLB
NBA
NHL
NFL
Soccer
Sports Teams
WWE
NCAA
Football
Premier League
Basketball
Baseball
Hockey
Golf
Tennis
Cricket
Rugby
Auto Racing
Olympics
World Cup
Sports
Athletes
MLB
NBA
NHL
NFL
Soccer
Sports Teams
WWE
NCAA
Football
Premier League
Basketball
Baseball
Hockey
Golf
Tennis
Cricket
Rugby
Auto Racing
Olympics
World Cup
Random Quiz
Search Sporcle
×
Quiz Lab
Quiz Lab
Sports
NFL
Type in answers that appear in a list
Type in answers that appear in a list
Classic
Best Score? Go Orange.
NFL Touchdowns Week 12 2013 Season Stats
Can you name the Players who scored a touchdown during week 12 of the 2013 NFL season
By
brook5584
8m
80 Questions
93 Plays
93 Plays
93 Plays
Comments
Comments
Give Quiz Kudos
Give Quiz Kudos
-
- Ratings
hide this ad
More Info
Replay
Link that replays current quiz
Next Quiz
Link to next quiz in quiz playlist
You Got
0%
They Got
Avg Score
71%
Avg Friend Score
Upgrade to see
Score Distribution
Jump to the score distribution portion of the page
Score
0/80
Timer
08:00
0
Plays Today
Game
Name
% Correct
Broncos at Patriots
Demaryius Thomas
97.8%
Saints at Falcons
Drew Brees
96.8%
Steelers at Browns
Ben Roethlisberger
96.8%
Steelers at Browns
Antonio Brown
96.8%
Chargers at Chiefs
Alex Smith
96.8%
Jets at Ravens
Jacoby Jones
96.8%
Saints at Falcons
Jimmy Graham
95.7%
Panthers at Dolphins
Cam Newton
95.7%
Saints at Falcons
Steven Jackson
94.6%
Bears at Rams
Brandon Marshall
93.5%
Chargers at Chiefs
Philip Rivers
93.5%
Jets at Ravens
Joe Flacco
92.5%
Colts at Cardinals
Carson Palmer
92.5%
Cowboys at Giants
Eli Manning
92.5%
Broncos at Patriots
Peyton Manning
92.5%
Bears at Rams
Josh McCown
91.4%
Buccaneers at Lions
Matthew Stafford
91.4%
Vikings at Packers
Adrian Peterson
91.4%
Panthers at Dolphins
Ryan Tannehill
91.4%
Colts at Cardinals
Andrew Luck
91.4%
49ers at Redskins
Colin Kaepernick
91.4%
Bears at Rams
Tavon Austin
90.3%
Buccaneers at Lions
Leonard Johnson
90.3%
Chargers at Chiefs
Jamaal Charles
90.3%
Colts at Cardinals
Larry Fitzgerald
90.3%
Cowboys at Giants
Tony Romo
90.3%
Steelers at Browns
Josh Gordon
89.2%
Vikings at Packers
Christian Ponder
89.2%
Jaguars at Texans
Maurice Jones-Drew
89.2%
Buccaneers at Lions
Mike Glennon
88.2%
Panthers at Dolphins
Mike Wallace
88.2%
Titans at Raiders
Ryan Fitzpatrick
88.2%
Steelers at Browns
Brandon Weeden
87.1%
Cowboys at Giants
Jason Witten
87.1%
Bears at Rams
Kellen Clemens
86%
Bears at Rams
Michael Bush
86%
Chargers at Chiefs
Dwayne Bowe
84.9%
Broncos at Patriots
Tom Brady
84.9%
49ers at Redskins
Vernon Davis
84.9%
Bears at Rams
Zac Stacy
81.7%
Game
Name
% Correct
49ers at Redskins
Anquan Boldin
80.6%
Panthers at Dolphins
Greg Olsen
79.6%
Vikings at Packers
Eddie Lacy
77.4%
Vikings at Packers
Matt Flynn
77.4%
Broncos at Patriots
Von Miller
76.3%
Vikings at Packers
Scott Tolzien
75.3%
Broncos at Patriots
Rob Gronkowski
75.3%
Chargers at Chiefs
Ryan Mathews
73.1%
Broncos at Patriots
Knowshon Moreno
72%
Titans at Raiders
Matt McGloin
71%
Steelers at Browns
Emmanuel Sanders
69.9%
Titans at Raiders
Kendall Wright
69.9%
Colts at Cardinals
Rashard Mendenhall
68.8%
Bears at Rams
Martellus Bennett
67.7%
Broncos at Patriots
Julian Edelman
66.7%
Chargers at Chiefs
Danny Woodhead
64.5%
Colts at Cardinals
Coby Fleener
64.5%
Buccaneers at Lions
Nate Burleson
60.2%
Bears at Rams
Jared Cook
58.1%
Bears at Rams
Benjamin Cunningham
57%
Vikings at Packers
Jarrett Boykin
57%
Broncos at Patriots
Brandon Bolden
54.8%
Cowboys at Giants
Brandon Myers
53.8%
Broncos at Patriots
Jacob Tamme
52.7%
Buccaneers at Lions
Brandon Pettigrew
50.5%
Chargers at Chiefs
Ladarius Green
50.5%
Chargers at Chiefs
Donnie Avery
45.2%
Buccaneers at Lions
Tiquan Underwood
40.9%
Titans at Raiders
Justin Hunter
35.5%
Chargers at Chiefs
Anthony Fasano
33.3%
Buccaneers at Lions
Joseph Fauria
30.1%
Bears at Rams
Robert Quinn
28%
Saints at Falcons
Benjamin Watson
25.8%
Titans at Raiders
Marcel Reece
21.5%
Cowboys at Giants
Louis Murphy
21.5%
Chargers at Chiefs
Seyi Ajirotutu
20.4%
Steelers at Browns
William Gay
15.1%
Colts at Cardinals
Karlos Dansby
14%
Vikings at Packers
Rhett Ellison
12.9%
Cowboys at Giants
Jeff Heath
11.8%
Quiz Playlist
Details
Report
Send in Message
Add To Playlist
More Info:
Each player will only appear once. For passing touchdowns both the Quarterback and the receiver will appear.
Classic:
Type in answers that appear in a list
Quiz Source
Last Updated: Feb 16, 2017
Quiz Scoreboard
CHALLENGE
Sign Up to Join the Scoreboard
Show All
Scores
Hide
Comments
May contain spoilers
Recently Published
5x2 Blitz: Bands
by SL_Kpop136
Music
30s
Colored Red Africa Blitz
by spor1
Geography
30s
Find the 'City' Movie
by crazypaving
Movies
60s
More to Explore
Quiz From the Vault
Featured Blog Post
14 Easter Pick-up Lines to Find Eggs With
hide this ad
You Might Also Like...
Tags
NFL Quiz
2013
Player
season
Touchdown
Week
Today's Top Quizzes in Sports
Browse Sports
hide this ad
Today's Top Quizzes in NFL
Browse NFL
Top Contributed Quizzes in Sports
1
Players with Multiple 50 Home Run Seasons
2
Les entraîneurs de l'OM et du PSG au 21e siècle
3
Criteria MLB: Left Handed Sluggers
4
2022 World Cup Stars
5
Les meilleurs buteurs des matchs entre le PSG et l’OM
6
Who Hit More Homers?
7
Les joueurs passés par le PSG et l'OM
8
NBA Logic Puzzle 2.0
9
Top 10 NHL Goal Scorers of All Time
10
MLB Players with Two .350 Batting Average Seasons
Explore More
Trending Topics
Marvel
Crossword
Anime
Kpop
Disney
Harry Potter
NBA
Puzzle
Pokémon
Song
Soccer
The Office
NFL
WWE
Country
hide this ad
More By:
brook5584
Quiz
Plays
Rating
Category
Featured
Created
NFL Touchdowns Week 6 2015 Season
2,085
3.60
Sports
Oct 20, 2015
Big Brother 13 Houseguests
1,731
3.88
Television
Jul 8, 2011
Big Brother 16 Houseguests
1,486
4.33
Television
Jun 28, 2014
Big Brother 18 Houseguests
1,220
3.60
Television
Jun 23, 2016
Current US Senators (Clickable)
695
4.20
History
Apr 13, 2012
Go to Creator's Profile
Score Distribution
Quiz Creator Spotlight
brook5584
Follow
Send a Message
Quizzes Created
-
Created Quiz Play Count
-
More By This Creator
Popular Quizzes Today
1
Colored Red Africa Blitz
2
Find the 'City' Movie
3
Find the US States - No Outlines Minefield
4
5x2 Blitz: Bands
5
The Countries of the World
6
Find the US States
7
US States
8
9x9 Crossword: Cartoon Network
More Sports Quizzes
Rugby World Cup Winners
Published
Trending Quizzes
Colored Red Europe Blitz I
Colored Red Europe Blitz II
Colored Red Africa Blitz II
Colored Red Europe Blitz III
Colored Red Africa Blitz III
Recently Updated
How Do You Spell That?
pecheneg
Godzilla Movies
pecheneg
Grab Bag: 4-10 Letters
pecheneg
2024 March Madness Bracket
pecheneg
Famous TV Couples
Peacemaker
Champions League XIs: Real Madrid
pecheneg
Largest US Cities 1790-2010
pecheneg
Rides in Walt Disney World
pecheneg
Most Oscar Losses (Acting)
pecheneg
Beyoncé Albums
pecheneg
Trending Topics
Harry Potter
Crossword
Disney
NBA
Kpop
Marvel
Anime
Song
The Office
Soccer
Puzzle
Country
WWE
Pokémon
NFL
Your Account Isn't Verified!
In order to create a playlist on Sporcle, you need to verify the email address you used during registration. Go to your
Sporcle Settings
to finish the process.
Report this User
Report this user for behavior that violates our
Community Guidelines
.
Details:
Send Report
Go to the Sporcle.com Mobile Site →
Comments